| 000 | 01002nam a2200265Ia 4500 | ||
|---|---|---|---|
| 003 | OSt | ||
| 005 | 20221002050339.0 | ||
| 006 | a|||||r|||| 00| 0 | ||
| 007 | ta | ||
| 008 | 220930b |||||||| |||| 00| 0 urd d | ||
| 020 |
_a9789381582510 (hbk) _cIndian Rupees 2500 |
||
| 024 | _a44128 | ||
| 037 |
_bGift, 06/06/2019, _cReference Collections |
||
| 040 |
_aCRL _cCRL _burh |
||
| 041 |
_2urh _aurh |
||
| 082 | _aP168:4k, 152P3;Q3(RR) | ||
| 100 | _aउस्मानी, सज्जाद, ले. | ||
| 245 | 0 | _aउर्दू - हिन्दी शब्दकोश | |
| 246 | _aTranslated from Urdu to Hindi | ||
| 260 |
_aदिल्ली _b स्वराज प्रकाशन _c2013 |
||
| 300 |
_a863पृ0 _ccm. |
||
| 650 |
_aउर्दू हिन्दी शब्दकोश _9571213 |
||
| 942 |
_hP168:4k, 152P3;Q3(RR) _cref _2CC |
||
| 999 |
_c914396 _d914396 |
||